MDQL
is popping MORE tags! Check the
thread
!
Quizzes
Events
Quiz Creation
Community
Videos
Private Events
Remove Ads
Sign In
Join for FREE
Feedback
Dark Mode
Quiz Categories
Sports
Geography
Music
Movies
Television
Just For Fun
Miscellaneous
History
Literature
Language
Science
Gaming
Entertainment
Religion
Holiday
For Kids
Quiz Lab
Recent
Popular Today
Quiz Kudos Today
Editor Picks
Curator Picks
Quizzes by...
Day
Popularity
Type
Ratings
Length
Year
Community
Subscriptions
Recent Discussions
Orange Saloon
Badges
Playlists
Quests
Create
Leaderboards
Showdown
Live 5
Trivia Bingo
Activity
Puzzle Library
Sporcle Events
Private Events
Virtual Trivia
Globe League
Become a Host
Pub Owners
SporcleCon
Opinionation
Our Games
Videos
Blog
Mobile Apps
Partnerships
Remove Ads and Go Orange
Feedback
Science
Computer
Plants
Astronomy
Chemistry
Elements
Math
Animal
Physics
Anatomy
Biology
Geology
General Science
Science
Computer
Plants
Astronomy
Chemistry
Elements
Math
Animal
Physics
Anatomy
Biology
Geology
General Science
Random Quiz
Search Sporcle
×
Quiz Lab
Quiz Lab
Science
Clickable
Select answers by clicking on text or image buttons
Select answers by clicking on text or image buttons
Clickable
Best Score? Go Orange.
Element by Atomic Weight Stats
Can you pick the Element by Atomic Weight?
By
srs53
15m
116 Questions
39 Plays
39 Plays
39 Plays
Comments
Comments
Give Quiz Kudos
Give Quiz Kudos
-
- Ratings
hide this ad
More Info
Forced Order
Answers have to be entered in order
Answers have to be entered in order
Random Order
Randomize order of answers
Randomize order of answers
Replay
Link that replays current quiz
Next Quiz
Link to next quiz in quiz playlist
You Got
0%
They Got
Avg Score
33%
Avg Friend Score
Upgrade to see
Score Distribution
Jump to the score distribution portion of the page
Score
0/116
Timer
15:00
0
Plays Today
% Correct
Oxygen
84.6%
Neon
79.5%
Magnesium
79.5%
Hydrogen
76.9%
Phosphorus
76.9%
Beryllium
74.4%
Nitrogen
74.4%
Fluorine
74.4%
Sodium
74.4%
Chlorine
74.4%
Helium
71.8%
Boron
71.8%
Carbon
71.8%
Calcium
71.8%
Lithium
69.2%
Silicon
69.2%
Sulfur
66.7%
Aluminium
64.1%
Potassium
64.1%
Iron
64.1%
Argon
59%
Chromium
59%
Nickel
56.4%
Scandium
53.8%
Vanadium
53.8%
Manganese
53.8%
Titanium
51.3%
Copper
48.7%
Cobalt
46.2%
Arsenic
43.6%
Zinc
41%
Selenium
41%
Bromine
41%
Gallium
38.5%
Krypton
38.5%
Rubidium
35.9%
Uranium
35.9%
Germanium
33.3%
Technetium
33.3%
% Correct
Strontium
30.8%
Yttrium
30.8%
Zirconium
30.8%
Molybdenum
30.8%
Livermorium
30.8%
Ruthenium
28.2%
Palladium
28.2%
Cadmium
28.2%
Indium
28.2%
Caesium
28.2%
Neodymium
28.2%
Radon
28.2%
Neptunium
28.2%
Niobium
25.6%
Rhodium
25.6%
Silver
25.6%
Antimony
25.6%
Promethium
25.6%
Protactinium
25.6%
Thorium
25.6%
Americium
25.6%
Plutonium
25.6%
Curium
25.6%
Tin
23.1%
Tellurium
23.1%
Xenon
23.1%
Mercury
23.1%
Radium
23.1%
Actinium
23.1%
Berkelium
23.1%
Barium
20.5%
Lanthanum
20.5%
Praseodymium
20.5%
Samarium
20.5%
Europium
20.5%
Dysprosium
20.5%
Erbium
20.5%
Ytterbium
20.5%
Lutetium
20.5%
% Correct
Osmium
20.5%
Platinum
20.5%
Gold
20.5%
Thallium
20.5%
Bismuth
20.5%
Astatine
20.5%
Francium
20.5%
Iodine
17.9%
Cerium
17.9%
Gadolinium
17.9%
Hafnium
17.9%
Tungsten
17.9%
Iridium
17.9%
Lead
17.9%
Polonium
17.9%
Copernicium
17.9%
Ununtrium
17.9%
Ununpentium
17.9%
Flerovium
17.9%
Terbium
15.4%
Thulium
15.4%
Tantalum
15.4%
Einsteinium
15.4%
Nobelium
15.4%
Lawrencium
15.4%
Holmium
12.8%
Rhenium
12.8%
Californium
12.8%
Fermium
12.8%
Mendelevium
12.8%
Rutherfordium
10.3%
Dubnium
10.3%
Seaborgium
10.3%
Darmstadtium
10.3%
Hassium
7.7%
Roentgenium
7.7%
Meitnerium
5.1%
Bohrium
2.6%
Quiz Playlist
Details
Report
Send in Message
Add To Playlist
More Info:
bracketed atomic weights are the most stable isotope.
Clickable:
Select answers by clicking on text or image buttons
Forced Order:
Answers have to be entered in order
Random Order:
Randomize order of answers
Last Updated: Feb 16, 2017
Quiz Scoreboard
CHALLENGE
Sign Up to Join the Scoreboard
Show All
Scores
Hide
Comments
May contain spoilers
Recently Published
Colored Red Africa Blitz
by spor1
Geography
30s
Find the 'City' Movie
by crazypaving
Movies
60s
5x2 Blitz: Bands
by SL_Kpop136
Music
30s
More to Explore
Quiz From the Vault
Featured Blog Post
14 Easter Pick-up Lines to Find Eggs With
hide this ad
You Might Also Like...
Tags
Clickable Quiz
atomic
Weight
Today's Top Quizzes in Science
Browse Science
hide this ad
Today's Top Quizzes in Clickable
Browse Clickable
Top Contributed Quizzes in Science
1
Glycolysis
2
Square Numbers Scrambled (1-50)
3
Astronomy Spelling Bee
4
Vet Tech Pharmacology Drug Contraindications
5
Missing Vowel Minefield: Lanthanides
6
Sorting Squares: Animals by Continent
7
'C' Flowers II
8
Criteria Quiz: The Solar System
9
Quick Pick: Radians
10
Elements In Images
Explore More
Trending Topics
Anime
NBA
Harry Potter
Disney
Kpop
Crossword
Marvel
Soccer
Country
The Office
WWE
Pokémon
Song
Puzzle
NFL
hide this ad
More By:
srs53
Quiz
Plays
Rating
Category
Featured
Created
Science in the 1600's
1,897
4.57
Science
May 2, 2013
Herb and Spice Source
359
4.20
Miscellaneous
Nov 10, 2013
Hangover 2 Trivia
338
2.25
Movies
Aug 25, 2012
Whats in a cocktail?
251
5.00
Just For Fun
May 1, 2014
Race Around the World
216
1.29
Geography
Oct 24, 2012
Go to Creator's Profile
Score Distribution
Quiz Creator Spotlight
srs53
Follow
Send a Message
Quizzes Created
-
Created Quiz Play Count
-
More By This Creator
Popular Quizzes Today
1
Colored Red Africa Blitz
2
Find the 'City' Movie
3
Find the US States - No Outlines Minefield
4
5x2 Blitz: Bands
5
The Countries of the World
6
Find the US States
7
US States
8
9x9 Crossword: Cartoon Network
More Science Quizzes
Stellar Profile: Sun
Published
Trending Quizzes
Colored Red Europe Blitz I
Colored Red Europe Blitz II
Colored Red Africa Blitz II
Colored Red Africa Blitz III
Colored Red Europe Blitz III
Recently Updated
Grab Bag: 4-10 Letters
pecheneg
2024 March Madness Bracket
pecheneg
Famous TV Couples
Peacemaker
Champions League XIs: Real Madrid
pecheneg
Largest US Cities 1790-2010
pecheneg
Rides in Walt Disney World
pecheneg
Most Oscar Losses (Acting)
pecheneg
Beyoncé Albums
pecheneg
Leaping Animals
pecheneg
Reality TV Shows (A-Z)
bhenderson79
Trending Topics
Disney
NBA
Anime
Crossword
Kpop
Marvel
Harry Potter
Country
Song
The Office
NFL
Puzzle
Pokémon
Soccer
WWE
Your Account Isn't Verified!
In order to create a playlist on Sporcle, you need to verify the email address you used during registration. Go to your
Sporcle Settings
to finish the process.
Report this User
Report this user for behavior that violates our
Community Guidelines
.
Details:
Send Report
Go to the Sporcle.com Mobile Site →
Comments